000
00223nam a22000857a 4500
008
170202b xxu||||| |||| 00| 0 eng d
100
_9
2738
_a
Frandon.J
245
_a
Super Science Air and Water
260
_a
New delhi
_b
om Kidz
_c
2011
999
_c
5914
_d
5914